Viktor Sheen (BUKA) Discography - Statistics

General Stats
  • This quiz has been taken 45 times
    5 since last reset
  • The average score is 11 of 12
Answer Stats
Hint Answer % Correct
2020 Barvy
100%
2019 Černobílej Svět
100%
2024 Impostor syndrom
100%
2025 Já, mé druhé já a Kristýna
100%
2017 Jungler
100%
2014 Level Up
100%
2023 Planeta opic
100%
2021 Příběhy a sny
100%
2023 ROADTRIP
100%
2016 NSD
75%
2015 Projekt Asia
75%
2018 Grál
50%
No matching quizzes found
Score Distribution
Percent of People with Each Score
Percentile by Number Answered
Your Score History
You have not taken this quiz since the last reset